Plant biochemistry (Record no. 34436)

MARC details
000 -LEADER
fixed length control field 00426nam a2200169Ia 4500
008 - FIXED-LENGTH DATA ELEMENTS--GENERAL INFORMATION
fixed length control field 230917s9999||||xx |||||||||||||| ||und||
020 ## - ISBN
Price RS1295
040 ## - CATALOGING SOURCE
-- 212783
Original cataloging agency VIVEKANANDA LIBRARY
041 ## - Language
-- English
082 ## - DDC NUMBER
Classification number 581.192 P695P
100 ## - MAIN ENTRY--PERSONAL NAME
Personal name Dey, P M, ed.
245 #0 - TITLE STATEMENT
Title Plant biochemistry
260 ## - PUBLICATION, DISTRIBUTION, ETC. (IMPRINT)
Place of publication, distribution, etc Amsterdam
Name of publisher, distributor, etc Elsevier
Date of publication, distribution, etc 2013
300 ## - PHYSICAL DESCRIPTION
Pages xi, 554 p.
500 ## - GENERAL NOTE
General note 4267 25/11/2013 131 04/12/2013 Main Budget
942 ## - ADDED ENTRY ELEMENTS (KOHA)
Koha item type Books
Holdings
Withdrawn status Lost status Damaged status Not for loan Location (home branch) Sublocation or collection (holding branch) Date acquired Koha issues (times borrowed) Koha full call number Accession No. Koha date last seen Koha item type
        VIVEKANANDA LIBRARY VIVEKANANDA LIBRARY 24/01/2014 2 581.192 P695P 334971 24/01/2025 Books
        VIVEKANANDA LIBRARY VIVEKANANDA LIBRARY 24/01/2014 1 581.192 P695P 334972 12/04/2024 Books
© Designed and Maintained by Vivekananda Library, MDU Rohtak